Tilastot visalle Maailman meret

Klikkaa tästä pelataksesi tätä visaa!

Yleistilastot

  • Tätä visaa on pelattu 784 kertaa
  • Keskiarvotulos 7 / 15

Vastaukset kartalla

Vastauksille on annettu kartalla punavihreä väri sen mukaan, kuinka moni on saanut sen oikein.
 

Vastaustilastot

Sea% Oikein
Itämeri
93%
Välimeri
86%
Mustameri
81%
Punainenmeri
64%
Karibianmeri
59%
Pohjanmeri
58%
Kaspianmeri
57%
Japaninmeri
47%
Etelä-Kiinan meri
29%
Arabianmeri
28%
Adrianmeri
23%
Beringinmeri
17%
Itä-Kiinan meri
14%
Egeanmeri
13%
Tasmaninmeri
6%

Tulosjakauma

Persentiili vastausten määrän mukaan

Jokaisen tuloksen saaneiden osuus

Tuloshistoriasi

Et ole pelannut tätä visaa